| 000 -LEADER |
| fixed length control field |
01460cam a2200289 a 4500 |
| 001 - CONTROL NUMBER |
| control field |
17485336 |
| 003 - CONTROL NUMBER IDENTIFIER |
| control field |
NUST |
| 005 - DATE AND TIME OF LATEST TRANSACTION |
| control field |
20221230183903.0 |
| 008 - FIXED-LENGTH DATA ELEMENTS--GENERAL INFORMATION |
| fixed length control field |
121005s2013 fluab b 001 0 eng |
| 010 ## - LIBRARY OF CONGRESS CONTROL NUMBER |
| LC control number |
2012039335 |
| 020 ## - INTERNATIONAL STANDARD BOOK NUMBER |
| International Standard Book Number |
9781466510906 (hbk. : alk. paper) |
| 040 ## - CATALOGING SOURCE |
| Original cataloging agency |
DLC |
| Transcribing agency |
DLC |
| Modifying agency |
DLC |
| 042 ## - AUTHENTICATION CODE |
| Authentication code |
pcc |
| 043 ## - GEOGRAPHIC AREA CODE |
| Geographic area code |
n-us--- |
| 050 00 - LIBRARY OF CONGRESS CALL NUMBER |
| Classification number |
HV6432.4 |
| Item number |
.N46 2013 |
| 082 00 - DEWEY DECIMAL CLASSIFICATION NUMBER |
| Classification number |
363.340973,NEM |
| Edition number |
23 |
| 100 1# - MAIN ENTRY--PERSONAL NAME |
| Personal name |
Nemeth, Charles P., |
| Dates associated with a name |
1951- |
| 9 (RLIN) |
106546 |
| 245 10 - TITLE STATEMENT |
| Title |
Homeland security : |
| Remainder of title |
an introduction to principles and practice / |
| Statement of responsibility, etc. |
Charles P. Nemeth. |
| 250 ## - EDITION STATEMENT |
| Edition statement |
2nd ed. |
| 260 ## - PUBLICATION, DISTRIBUTION, ETC. |
| Place of publication, distribution, etc. |
Boca Raton, FL : |
| Name of publisher, distributor, etc. |
CRC Press, |
| Date of publication, distribution, etc. |
c2013. |
| 300 ## - PHYSICAL DESCRIPTION |
| Extent |
xxiv, 628 p. : |
| Other physical details |
ill., maps ; |
| Dimensions |
26 cm. |
| 505 ## - FORMATTED CONTENTS NOTE |
| Formatted contents note |
The Idea and Origin of Homeland Security (Page-1), Terror, Threat, and Disaster Post-9/11: New Paradigm of Homeland Security (Page-29), Homeland security Law, Regulation, and Budgeting (Page-73), Risk Management, Threats, and Hazards (Page-139), DHS Challenges: National vs. State and Local, National security vs. Homeland security (Page-251), FEMA, Response, and Recovery (Page-297), Intelligence (Page-331), Border Security (Page-403), Homeland Security and Public Health (Page-469), The Future of Homeland Security (page-515). |
| 610 10 - SUBJECT ADDED ENTRY--CORPORATE NAME |
| Corporate name or jurisdiction name as entry element |
United States. |
| Subordinate unit |
Department of Homeland Security. |
| 9 (RLIN) |
25172 |
| 650 #0 - SUBJECT ADDED ENTRY--TOPICAL TERM |
| Topical term or geographic name entry element |
National security |
| Geographic subdivision |
United States. |
| 9 (RLIN) |
7976 |
| 650 #0 - SUBJECT ADDED ENTRY--TOPICAL TERM |
| Topical term or geographic name entry element |
Terrorism |
| Geographic subdivision |
United States |
| General subdivision |
Prevention. |
| 9 (RLIN) |
14606 |
| 942 ## - ADDED ENTRY ELEMENTS (KOHA) |
| Source of classification or shelving scheme |
|
| Koha item type |
Book |
| Call number prefix |
363.340973,NEM |